000 00665nam a2200229 i 4500
001 175698
003 ES-MaACL
005 20250814045120.0
007 t|
008 101117s1963 sp ||||1| spa d
080 _a530.145
100 0 _aGarrido, Luis María.
_9143976
245 1 0 _aMecánica cuántica.
_nI /
_cLuis María Garrido.
260 _aMadrid :
_bRialp,
_c1963.
300 _aXV, 419 p. ;
_c22 cm.
490 1 _aBiblioteca científica ;
_v1
500 _aÍndice.
650 0 7 _aMecánica cuántica
_2embne
_914872
830 0 _aBiblioteca científica ;
_v1
_9184342
852 _aES-MaACL
_jE-13558
_xOlim P-885-bis
999 _c175698
_d175698